|
|
|
|
| LEADER |
00000nab a2200000 ar4500 |
| 001 |
vtls010202499 |
| 003 |
SK-MaSNL |
| 005 |
20260303192607.0 |
| 008 |
110111c20101210xo |||||||||||000 b|slo |
| 015 |
|
|
|a SNBRB2011/01
|2 snkbucl
|
| 038 |
|
|
|a SNKBUCL
|
| 040 |
|
|
|a SNKBUCL
|b slo
|c SNKBUCL
|e AACR2
|
| 041 |
0 |
|
|a slo
|
| 044 |
|
|
|a xo
|c SK
|
| 080 |
|
|
|a 796.325.093.1
|x (437.6)
|2 2001
|
| 245 |
0 |
0 |
|a Vo finále Humenné - VKP
|b Slovenský pohár volejbalistov - odvetné semifinále
|
| 648 |
|
7 |
|a sezóna 2010/2011
|2 snkbucl
|9 1038786
|
| 650 |
0 |
7 |
|a volejbal
|2 snkbucl
|9 3294
|
| 650 |
0 |
7 |
|a muži
|2 snkbucl
|9 4888
|
| 650 |
0 |
7 |
|a Slovenský pohár
|2 snkbucl
|9 839689
|
| 773 |
0 |
|
|t Šport
|g Roč. 64, č. 284 (10.12.2010), s. 44
|x 0139-7001
|
| 852 |
|
|
|a SNK
|b KIS3GCP
|
| 856 |
4 |
1 |
|u http://denniksport.sk/article/156903/vo-finale-humenne-vkp
|
| 999 |
|
|
|c 2147265
|d 2149195
|